000
00329nam a2200121Ia 4500
008
230511s1967 xx 000 0 und d
041
_a
eng
082
_a
363.5095414
100
_a
Govt of Maharashtra, Mumbai
245
_a
Urban Housing in Maharashtra
260
_a
Mumbai
_b
Govt of Maharashtra
_c
1967
906
_a
Urban housing
999
_c
353847
_d
353847